000 01395cab a22002655a 4500
001 L137394
008 070403s2007 xxk f 000 0 eng d
035 _a(Sirsi) u137394
041 0 _aeng
100 1 _aShaw, Rob
245 0 0 _aGreen building
260 _c2007
490 0 _aTown & Country Planning
_v76(3) March 2007, 89-95(7)
520 _aSeries of articles on green building. "Defining zero carbon" discusses the challenges of achieving zero carbon homes and confusion over the term zero carbon. "Making zero-carbon housing a reality" examines the consultation paper, "Building a green future" (L135908) and considers potential problems in raising the environmental performance of housebuilding through regulation. "Zero or low-carbon buildings: a co-operative endeavour" suggests that involving building control bodies at the planning stage would greatly help attempts to deliver zero or low-carbon buildings.
590 _aKA
650 2 4 _aDCLG CODE FOR SUSTAINABLE HOMES
650 2 4 _aBUILDING REGULATIONS 2000 APPROVED DOCUMENT L1A (2006 EDITION)
650 2 4 _aPLANNING POLICY STATEMENT ONE
651 4 _aEngland and Wales
_y1543-
690 _aENVIRONMENTAL AND LAND CONSULTANCY-PLANNING AND DEVELOPMENT
690 _aENVIRONMENTAL AND LAND CONSULTANCY-ENERGY-ENERGY USE-ENERGY EFFICIENCY
700 1 _aRydin, Yvonne
700 1 _aLyell Hoppe, Fiona
942 _n0
999 _c78590
_d78590